| 000 | 00356nam a2200145Ia 4500 | ||
|---|---|---|---|
| 008 | 230917s9999||||xx |||||||||||||| ||und|| | ||
| 040 |
_e194610 _aMAIN |
||
| 041 | _aEnglish | ||
| 082 | _a670.4 S23M | ||
| 100 | _aSharma, S K | ||
| 245 | 0 | _aManufacturing processes | |
| 260 |
_aNew Delhi _bI K International _c2010 |
||
| 300 | _axvi, 706 p. | ||
| 942 | _cBK | ||
| 999 |
_c157712 _d157712 |
||